000 01433cam a22003853a 4500
999 _c533838
_d533838
001 13470287
003 Nust
005 20200122104427.0
008 010507t20001984nyu 000 1 eng d
010 _a 2004563734
020 _a9780425105702 (pbk.)
_cRs. 276
035 _a(OCoLC)ocm46889242
038 _aMSOHAIL
040 _aWRR
_cWRR
_dOCLCQ
_dDLC
042 _alccopycat
050 0 0 _aCPB Box no. 2108 vol. 7
082 _a823
_bCHR
100 1 _aChristie, Agatha,
_d1890-1976.
_92976
240 1 0 _aPatriotic murders
245 1 0 _aOne, two, buckle my shoe :
_ba Hercule Poirot novel /
_cAgatha Christie.
246 3 _a1, 2, buckle my shoe
250 _aBerkley ed.
260 _aNew York :
_bBerkley Books,
_c1982.
300 _a294 p. ;
_c18 cm.
490 0 _aA Hercule Poirot novel
500 _a"Also published as An overdose of death and The patriotic murders."
600 1 0 _aPoirot, Hercule
_c(Fictitious character)
_vFiction.
_911837
655 7 _aMystery fiction.
_2gsafd
_95621
710 2 _aCopyright Paperback Collection (Library of Congress)
_5DLC
_91743
856 4 2 _3Contributor biographical information
_uhttp://www.loc.gov/catdir/enhancements/fy0717/2004563734-b.html
856 4 2 _3Publisher description
_uhttp://www.loc.gov/catdir/enhancements/fy0717/2004563734-d.html
906 _a7
_bcbc
_ccopycat
_d2
_encip
_f20
_gy-genrareb
942 _2ddc
_cBK